Un juego de dibujos de arquitecto
Guardat en:
| Autor principal: | |
|---|---|
| Format: | Llibre |
| Idioma: | espanyol |
| Publicat: |
Valparaíso
Pontificia Universidad Católica de Valparaíso
2003
|
| Matèries: | |
| Etiquetes: |
Afegir etiqueta
Sense etiquetes, Sigues el primer a etiquetar aquest registre!
|
MARC
| LEADER | 00000nam a2200000 a 4500 | ||
|---|---|---|---|
| 001 | UCL5534 | ||
| 003 | CL-VaPUC | ||
| 008 | 040312e20030000CL |||||||||||||||||spa|d | ||
| 082 | 0 | 4 | |a 741.983 |b CAS |2 21 |
| 100 | 0 | |a Casanueva Carrasco, Manuel Luis |e author |9 483243 | |
| 245 | 1 | 3 | |a Un juego de dibujos de arquitecto |
| 300 | |a pág. irreg | ||
| 942 | |c BK | ||
| 945 | |d 20040312 00:00:00 |a cmena | ||
| 260 | |a Valparaíso |b Pontificia Universidad Católica de Valparaíso |c 2003 | ||
| 650 | 7 | |a COLECCIONES DE DIBUJOS |2 CL-VaPUC |9 483244 | |
| 650 | 0 | |a Dibujos |9 264123 | |
| 650 | 0 | |a Figuras geométricas |9 347994 | |
| 583 | |a last modification |c 20040312 00:00:00 |k Rodrigo Vera | ||
| 999 | |c 308059 |d 308057 | ||
| 952 | |0 0 |1 0 |4 0 |6 741_983000000000000_CAS_2003 |7 0 |8 R |9 374290 |a BIBARQ |b BIBARQ |d 2019-11-21 |i 3978362 |o 741.983 CAS 2003 |p 3978362 |r 2025-01-20 |w 2019-11-21 |y BK_R |k ARQ | ||